000
00400nam a22001577a 4500
003
MPLRDC
005
20220104124658.0
008
210129b ||||| |||| 00| 0 eng d
082
_a
855 LH-2
100
_a
张秀亚、彭歌著
245
_a
当代名家散文集
_c
260
_a
_b
龙和出版有限公司
_c
1988
300
_b
平
650
_a
散文;随笔、日记
942
_c
BK
_o
855 LH-2
999
_c
21270
_d
21260